000 00507nam a2200169 a 4500
001 0000-9122
003 ELIB.Books
008 110520 1966
035 _a(ELIB.Books)0000-9271
082 _a225.1
_bFra
100 _aFraser, Ian W./ Kee, Howard Clark
245 _aUnderstanding the New Testament, Fouth Edition
260 _bNew York: Abindon- Cokesbury Press
_c1966/ New Jersey: Prentice-Hall, Inc.
650 _aNew Testament
942 _2ddc
_cBK
998 _cbat
_e2011-05-20
999 _c9122
_d9122